000 01054nam a22003497a 4500
001 0001484
003 KOHA_MİRAKIL
005 20260207001243.0
007 ta
008 090217b2024 tu |||gr||||#0|||0|tur |
020 _a9786259881133
040 _aTR-BiSEU
_btur
_cTR-BiSEU
_erda
041 0 _atur
044 _ctu
050 _aHD69
_b.C36 2024
100 1 _aCan, İbrahim.
245 1 _aDanışman/
_cİbrahim Can ; İbrahim Can.
264 1 _aİstanbul :
_bKitapita Yayıncılık ve Eğitim Danışmanlık Ltd. Şti.
_c2024
336 _ametin
_btxt
_2rdacontent
337 _aaracısız
_bn
_2rdamedia
338 _acilt
_bnc
_2rdacarrier
490 1 _aYayın No ;
_v44
500 _aKaynakça var.
650 0 _aDanışmanlık.
_94736
650 0 _aEğitim danışmanlık.
_94737
650 0 _aİşletme-Eğitim danışmanlık.
_94738
650 0 _aYönetim danışmanlığı--Türkiye.
_94739
650 0 _aManagement Consulting--Turkey.
_94740
830 1 _aYayın No ;
_v44
_91861
907 _aBilgisayar
942 _2lcc
_cBK
999 _c1471
_d1471